Medzibankový trh diplomová práca

Na minha lista:
Detalhes bibliográficos
Autor principal: Mackovičová, Monika
Autor Corporativo: Fakulta podnikového manažmentu EU. Katedra podnikových financií
Outros Autores: Badura, Peter, 1978-
Formato: Livro
Idioma:eslovaco
Publicado em: Bratislava 2015
Tags: Adicionar Tag
Sem tags, seja o primeiro a adicionar uma tag!

MARC

LEADER 00000nbm a2200000 4500
001 0201225
005 20161212100909.1
041 0 |a slo 
044 |a SK 
245 1 0 |a Medzibankový trh  |b diplomová práca  |c Monika Mackovičová ; školiteľ: Peter Badura 
264 1 |a Bratislava  |c 2015 
300 |a 77 s. 
100 1 |a Mackovičová, Monika 
700 1 |a Badura, Peter, 1978- 
710 2 |a Fakulta podnikového manažmentu EU. Katedra podnikových financií